ბათუმის შოთა რუსთაველის სახელმწიფო უნივერსიტეტის ბიბლიოთეკა

ოდესღაც ძველ საბერძნეთში. (ბიბ.ჩანაწერი № 43907)

000 -LEADER
fixed length control field 00908nam a2200229Ia 4500
001 - CONTROL NUMBER
control field 10656
003 - CONTROL NUMBER IDENTIFIER
control field GE_BSU
008 - FIXED-LENGTH DATA ELEMENTS--GENERAL INFORMATION
fixed length control field 181216s||||||||xx |||||||||||||| ||und||
020 ## - INTERNATIONAL STANDARD BOOK NUMBER
International Standard Book Number 9789994031528
040 ## - CATALOGING SOURCE
Transcribing agency GE_BSU
080 ## - UNIVERSAL DECIMAL CLASSIFICATION NUMBER
Universal Decimal Classification number 821.14'01–84
245 ## - TITLE STATEMENT
Title ოდესღაც ძველ საბერძნეთში.
245 ## - TITLE STATEMENT
Statement of responsibility, etc. სახალისო ამბები შეაგროვა და ძველი ბერძნულიდან თარგმნა ნანა ტონიამ;რედ.რუსუდან ბურჯანაძე.
260 ## - PUBLICATION, DISTRIBUTION, ETC.
Place of publication, distribution, etc. თბილისი.
260 ## - PUBLICATION, DISTRIBUTION, ETC.
Name of publisher, distributor, etc. ლოგოსი.
260 ## - PUBLICATION, DISTRIBUTION, ETC.
Date of publication, distribution, etc. 2007.
300 ## - PHYSICAL DESCRIPTION
Extent 150გვ;20სმ.
300 ## - PHYSICAL DESCRIPTION
Accompanying material საკუთარ სახ.საძ.გვ:140–149.
653 ## - INDEX TERM--UNCONTROLLED
Uncontrolled term ოდესღაც ძველ საბერძნეთში.
942 ## - ADDED ENTRY ELEMENTS (KOHA)
Koha item type წიგნი
ეგზემპლარები
Withdrawn status Lost status Damaged status Not for loan Date acquired Barcode Date last seen Price effective from Koha item type
        2018-12-17 34421 2018-12-17 2018-12-17 წიგნი